La elección presidencial en los Estados Unidos
Gardado en:
| Autor Corporativo: | |
|---|---|
| Formato: | Libro |
| Idioma: | Lingua castelá |
| Publicado: |
Buenos Aires
Paidós
1968
|
| Series: | Biblioteca del Hombre Contemporáneo, 234
|
| Subjects: | |
| Tags: |
Engadir etiqueta
Sen Etiquetas, Sexa o primeiro en etiquetar este rexistro!
|
MARC
| LEADER | 00000nam a2200000 a 4500 | ||
|---|---|---|---|
| 001 | UCT7157 | ||
| 003 | CL-VaPUC | ||
| 008 | 970116e19680000AG |||||||||||||||||spa|d | ||
| 082 | 0 | 4 | |a 324.973 |b LIG |2 21 |
| 110 | 2 | |a Liga de Mujeres Votantes de los Estados Unidos |e author |9 377933 | |
| 245 | 1 | 3 | |a La elección presidencial en los Estados Unidos |
| 300 | |a 196 p | ||
| 942 | |c BK | ||
| 945 | |d 19970116 00:00:00 |a paguirre | ||
| 260 | |a Buenos Aires |b Paidós |c 1968 | ||
| 650 | 0 | |a Elecciones |9 254997 | |
| 650 | 0 | |a Representación política |9 362081 | |
| 650 | 0 | |a Partidos políticos |9 254999 | |
| 650 | 0 | |a Poder legislativo |9 258808 | |
| 650 | 0 | |a Sistemas electorales |9 326307 | |
| 650 | 7 | |a PRESIDENCIA |2 CL-VaPUC |9 341215 | |
| 651 | 0 | |a Estados Unidos |9 255178 | |
| 583 | |a last modification |c 19970116 00:00:00 |k Rodrigo Vera | ||
| 490 | 0 | |a Biblioteca del Hombre Contemporáneo, 234 | |
| 999 | |c 255817 |d 255815 | ||
| 952 | |0 0 |1 0 |4 0 |6 324_973000000000000_LIG_1968 |7 0 |8 A |9 278249 |a BIBDER |b BIBDER |d 2019-11-19 |i 1806904 |o 324.973 LIG 1968 |p 1806904 |r 2023-01-25 |w 2019-11-19 |y BK |k DER | ||